000 00265nam a2200121Ia 4500
008 190216s9999||||xx |||||||||||||| ||und||
100 _aNull
245 0 _aHindi-Yek Danki Do Gandi
260 _bJohn Wiley & Sons
300 _a104
650 _aHindi
942 _cBK
999 _c16041
_d16041